000 00312 a2200157 4500
001 59184
020 _a
040 _cAnchieta - Pituba
100 _aBonjorno, Regina F. S. Azenha
240 1 0 _aFísica 2
_lpor
245 1 0 _aFísica 2
300 _a280
362 0 _a1985
650 4 _aFísica
942 _cBK
999 _c59184
_d59184